La crisis del estado de bienestar y el agotamiento de las energías utópicas /
Uloženo v:
| Hlavní autor: | |
|---|---|
| Médium: | Text |
| Tagy: |
Přidat tag
Žádné tagy, Buďte první, kdo vytvoří štítek k tomuto záznamu!
|
MARC
| LEADER | 00000 a a2200000 04500 | ||
|---|---|---|---|
| 001 | 47579 | ||
| 003 | |||
| 040 | |||
| 100 | |a Habermas, Jurgen | ||
| 245 | |a La crisis del estado de bienestar y el agotamiento de las energías utópicas / |c Jurgen Habermas | ||
| 246 | |a La crisis del estado de bienestar y otros ensayos | ||
| 773 | |a número19, (1989), páginas 61-79 | ||
| 999 | |c 39138 |d 39138 | ||
